Návrh softvéru na automatizáciu vyhodnotenia spektrálnej odozvy polovodičového detektora s polarizačným efektom

Saved in:
Bibliographic Details
Main Author: Frank, Filip (Author)
Other Authors: Sedlačková, Katarína (Thesis advisor)
Format: Manuscript Book
Language:Slovak
Published: Bratislava : STU v Bratislave FEI, 2021
Subjects:
Online Access:https://opac.crzp.sk/?fn=detailBiblioForm&sid=FD5533CA5E14D63E40B56CE9A2AD&seo=CRZP-detail-kniha
Tags: Add Tag
No Tags, Be the first to tag this record!

MARC

LEADER 00000ntm a22000003a 4500
001 stuzp81410
003 SK-STU
005 20210817142025.4
007 ta
008 150427s2015----xo-----f-mn---000-0-slo-d
040 |a STU  |b slo 
041 0 |a slo 
044 |a xo 
100 1 |a Frank, Filip  |u 036000  |4 aut  |U FEI Fakulta elektrotechniky a informatiky  |U FEI Fakulta elektrotechniky a informatiky  |T FEI Ústav jadrového a fyzikálneho inžinierstva  |X 97771  |U E060  |Y 817  |7 97771 
242 0 1 |a Software design for automation of the spectra processing for a semiconductor detector with polarization effect  |y eng 
245 1 0 |a Návrh softvéru na automatizáciu vyhodnotenia spektrálnej odozvy polovodičového detektora s polarizačným efektom 
260 |a Bratislava :  |b STU v Bratislave FEI,  |c 2021 
300 |a 62 s., príl. 
650 4 |a Python  |2 slo 
650 4 |a polarizačný efekt  |2 slo 
650 4 |a spektrum  |2 slo 
650 4 |a polovodičový detektor  |2 slo 
650 4 |a polarization effect  |2 eng 
650 4 |a spectrum  |2 eng 
650 4 |a semiconductor detector  |2 eng 
650 4 |a Python  |2 eng 
700 1 |a Sedlačková, Katarína  |u 036000  |k Z1  |4 ths  |U FEI Fakulta elektrotechniky a informatiky  |U FEI Fakulta elektrotechniky a informatiky  |T FEI Ústav jadrového a fyzikálneho inžinierstva  |X 45198  |U E060  |Y 817  |7 A000045198 
856 4 |u https://opac.crzp.sk/?fn=detailBiblioForm&sid=FD5533CA5E14D63E40B56CE9A2AD&seo=CRZP-detail-kniha